000 00299nam a22001217a 4500
008 170405b xxu||||| |||| 00| 0 eng d
041 _aeng
080 _a574
100 _a9
101 _aSHM
245 _aINTEGRATING AGRICULTURE MEDICINE AND FOOD FUTURE HEALTH
_cHARDY.R.W.F
942 _2udc
_cBK
999 _c9779
_d9779